000 00455nam a2200157 i 4500
001 77364
003 ES-MaACL
005 20230906173159.0
007 t|
008 041008s1955 cl ||||1| spa d
100 1 _aGutiérrez Olivos, Sergio.
_961200
245 1 0 _aMar territorial y Derecho moderno /
_cSergio Gutiérrez Olivos.
260 _aChile :
_bEditorial Jurídica,
_c[1955]
300 _a132 p. ;
_c18 cm.
852 _aES-MaACL
_jC-12303
_bR.40302
999 _c77364
_d77364